| 000 | 00422pab a2200157 454500 | ||
|---|---|---|---|
| 008 | 180718b2006 xxu||||| |||| 00| 0 eng d | ||
| 100 | _aContreras, Kate Spilde | ||
| 245 | _aCultivating new opportunities: tribal government gaming on the Pechanga reservation | ||
| 260 | _c2006 | ||
| 300 | _ap.315-52. | ||
| 362 | _aNov | ||
| 650 | _aTribes | ||
| 773 | _aAmerican Behavioral Scientist | ||
| 908 | _aN | ||
| 909 | _a72366 | ||
| 999 |
_c72366 _d72366 |
||